Grey's Anatomy Specialties - Statistics

General Stats
  • This quiz has been taken 759 times
  • The average score is 23 of 25
Answer Stats
Hint Answer % Correct
Cristina Yang Cardio
98%
Preston Burke Cardio
98%
Maggie Pierce Cardio
98%
Teddy Altman Cardio
98%
Nathan Riggs Cardio
98%
Erica Hahn Cardio
98%
Meredith Grey General
98%
Miranda Bailey General
98%
Richard Webber General
98%
Jo Wilson General
98%
Ben Warren General/Anesthesiology
98%
Derek Shepherd Neuro
98%
Tom Koracick Neuro
98%
Amelia Shepherd Neuro
98%
Mark Sloan Plastics
94%
Jackson Avery Plastics
94%
April Kepner Trauma
94%
Owen Hunt Trauma
94%
Alex Karev Pediatrics
83%
Arizona Robbins Pediatrics
83%
Cormac Hayes Pediatrics
83%
Callie Torres Orthopedics
76%
Atticus Lincoln Orthopedics
76%
Addison Montgomery Neonatal
61%
Catherine Fox Urology
52%
No matching quizzes found
Score Distribution
Percent of People with Each Score
Percentile by Number Answered
Your Score History
You have not taken this quiz